[Event "29th Münsterland Open"]
[Site "Senden"]
[Date "2011.10.24"]
[Round "5.1"]
[White "Landa, Konstantin"]
[Black "Danin, Alexandre"]
[Result "1-0"]
[WhiteElo "2613"]
[BlackElo "2534"]
[PlyCount "61"]
[EventDate "2011.??.??"]

1. d4 d5 2. c4 c6 3. cxd5 cxd5 4. Bf4 Nf6 5. Nc3 Nc6 6. e3 e6 7. Bd3 Be7 8. Rc1
O-O 9. Bb1 Bd7 10. h3 Qb6 11. Qe2 Na5 12. Nf3 Nc4 13. Rc2 Rfc8 14. O-O Bb4 15.
Ne5 Nxe5 16. Bxe5 Bxc3 17. Bxf6 Bb4 18. Be5 Rxc2 19. Qxc2 f5 20. Rc1 Rc8 21.
Qd1 Rxc1 22. Qxc1 Qc6 23. Qd1 Bd6 24. g4 Qc7 25. f4 Qb6 26. gxf5 Bxe5 27. fxe6
Bxf4 28. exd7 Bxe3+ 29. Kh1 g6 30. Qb3 Bg5 31. Qxd5+ 1-0

[Event "29th Münsterland Open"]
[Site "Senden"]
[Date "2011.10.24"]
[Round "5.2"]
[White "Steinle, Carsten"]
[Black "Schulze, Ulrich"]
[Result "0-1"]
[WhiteElo "2115"]
[BlackElo "2323"]
[PlyCount "88"]
[EventDate "2011.??.??"]

1. d4 Nf6 2. Nf3 g6 3. b3 Bg7 4. Bb2 O-O 5. e3 d5 6. Bd3 c5 7. O-O Nc6 8. a3 e5
9. Nxe5 Nxe5 10. dxe5 Ng4 11. Nd2 Nxe5 12. Rb1 d4 13. Nf3 Nxd3 14. Qxd3 Bf5 15.
e4 Be6 16. Nd2 Rc8 17. f4 f5 18. e5 Qd7 19. Nc4 Rfd8 20. Rfd1 Bf8 21. a4 b6 22.
Rd2 Bd5 23. Rbd1 Qe6 24. Qe2 Be4 25. Na3 Rd7 26. Qc4 Bd5 27. Qa6 Rcd8 28. Qf1
Kh8 29. Nc4 Be4 30. Ba1 Rg7 31. h4 Rgd7 32. Bb2 Be7 33. Qe1 Bd5 34. Na3 h6 35.
Rd3 Be4 36. Rh3 Kh7 37. Rd2 Bc6 38. Nc4 Bxa4 39. h5 g5 40. fxg5 Bxg5 41. Rf2
Bb5 42. Na3 Bc6 43. Bc1 Rg8 44. Rg3 Bh4 0-1

[Event "29th Münsterland Open"]
[Site "Senden"]
[Date "2011.10.24"]
[Round "5.4"]
[White "van der Weide, Karel"]
[Black "Böhm, Jürgen"]
[Result "1-0"]
[WhiteElo "2449"]
[BlackElo "2218"]
[PlyCount "67"]
[EventDate "2011.??.??"]

1. e4 e6 2. d4 d5 3. Nc3 Bb4 4. e5 c5 5. a3 Bxc3+ 6. bxc3 Qa5 7. Bd2 Qa4 8. Qb1
c4 9. Nf3 Nc6 10. g3 Bd7 11. Bg2 O-O-O 12. O-O f6 13. exf6 gxf6 14. Re1 h5 15.
Nh4 Nge7 16. Bf4 Rdg8 17. Bh3 f5 18. Qc1 Ng6 19. Nxg6 Rxg6 20. Bg2 h4 21. gxh4
Rxh4 22. Bg3 Rhg4 23. h3 Rxg3 24. fxg3 Rxg3 25. Re3 Rxe3 26. Qxe3 Qxc2 27. Rf1
Qb3 28. h4 Qxa3 29. h5 a5 30. h6 Qe7 31. Kf2 a4 32. Rh1 Qh7 33. Bf3 Na5 34. Qe5
1-0

[Event "29th Münsterland Open"]
[Site "Senden"]
[Date "2011.10.24"]
[Round "5.5"]
[White "Torres-Kuckel, Rafael"]
[Black "Sundorf, Jannik"]
[Result "1-0"]
[WhiteElo "2243"]
[BlackElo "2147"]
[PlyCount "85"]
[EventDate "2011.??.??"]

1. e4 c5 2. Nf3 d6 3. d4 cxd4 4. Qxd4 a6 5. Be3 Nc6 6. Qd2 Nf6 7. Nc3 g6 8.
O-O-O Ng4 9. Bf4 Bg7 10. h3 Nge5 11. Nxe5 Nxe5 12. Bh6 O-O 13. Bxg7 Kxg7 14. f4
Nc6 15. Bc4 Be6 16. Bxe6 fxe6 17. h4 Qa5 18. g4 Kf7 19. h5 Ke8 20. hxg6 hxg6
21. Rh6 Rg8 22. g5 Rc8 23. Kb1 Kd7 24. e5 d5 25. a3 Kc7 26. Qd3 Rcf8 27. Rxg6
Rxg6 28. Qxg6 Nd8 29. Ne2 Qb5 30. Qd3 Qxd3 31. cxd3 Rg8 32. Rh1 Kd7 33. Kc2 Nf7
34. Kd2 Nh8 35. Rh6 Ng6 36. Ke3 Ke8 37. Nd4 Kd7 38. Kf3 Nf8 39. Kg4 Ng6 40.
Nxe6 Kxe6 41. f5+ Kxe5 42. Rxg6 Re8 43. Re6+ 1-0

[Event "29th Münsterland Open"]
[Site "Senden"]
[Date "2011.10.24"]
[Round "5.6"]
[White "Haselhorst, Helmut"]
[Black "Seegers, Hendrik"]
[Result "0-1"]
[WhiteElo "2139"]
[BlackElo "2213"]
[PlyCount "78"]
[EventDate "2011.??.??"]

1. Nf3 d5 2. d4 e6 3. g3 f5 4. Bg2 Nf6 5. O-O Nbd7 6. c4 c6 7. Nbd2 Bd6 8. Qc2
Ne4 9. Ne1 O-O 10. Nd3 Qe7 11. Nf3 g5 12. Rb1 Qg7 13. e3 g4 14. Nd2 a5 15. b3
h5 16. a3 h4 17. Rd1 hxg3 18. hxg3 Qh6 19. Nf1 Kg7 20. b4 axb4 21. axb4 Rh8 22.
b5 Ng5 23. Nd2 Qh2+ 24. Kf1 Nh3 25. Bxh3 gxh3 26. Nf4 Bxf4 27. exf4 Qg2+ 28.
Ke2 h2 29. Bb2 h1=Q 30. Rxh1 Rxh1 31. Rxh1 Qxh1 32. Nf3 Ra2 33. cxd5 exd5 34.
Nd2 Qa1 35. Qxf5 Qxb2 36. Qg5+ Kf7 37. Qh5+ Ke7 38. Qg5+ Kd6 39. Qh6+ Kc7 0-1

[Event "29th Münsterland Open"]
[Site "Senden"]
[Date "2011.10.24"]
[Round "5.7"]
[White "Sazanov, Nikolay"]
[Black "Raddatz, Uwe"]
[Result "1-0"]
[WhiteElo "2218"]
[BlackElo "2068"]
[PlyCount "97"]
[EventDate "2011.??.??"]

1. d4 Nf6 2. e3 g6 3. f4 Bg7 4. Nf3 O-O 5. c3 d6 6. Nbd2 Nc6 7. Bc4 e5 8. fxe5
dxe5 9. O-O exd4 10. exd4 h6 11. b4 Nd5 12. Ne4 Bf5 13. Bxd5 Qxd5 14. Ng3 Bg4
15. Bf4 Bxf3 16. Qxf3 Qxf3 17. gxf3 Ne7 18. Kg2 Nd5 19. Bd2 Rfe8 20. Rfe1 f5
21. h4 h5 22. Rac1 Rxe1 23. Rxe1 Kf7 24. Nh1 Nb6 25. Nf2 Re8 26. Rxe8 Kxe8 27.
Nd3 Nc4 28. Bf4 Na3 29. Bxc7 Nb5 30. Be5 Bxe5 31. dxe5 Nxc3 32. a3 b5 33. Kg3
Nb1 34. Kf4 Nxa3 35. Kg5 Kf7 36. Nf4 Nc4 37. e6+ Kg7 38. Nd5 a5 39. bxa5 Nxa5
40. Nc7 Nc6 41. Nxb5 Ne7 42. Nd4 Nd5 43. Nc6 Nf6 44. Kf4 Nh7 45. Ke5 g5 46. Ne7
f4 47. Nf5+ Kf8 48. hxg5 Nxg5 49. Kf6 1-0

[Event "29th Münsterland Open"]
[Site "Senden"]
[Date "2011.10.24"]
[Round "5.8"]
[White "Müller, Martin"]
[Black "Korth, Daniel"]
[Result "1-0"]
[WhiteElo "2078"]
[BlackElo "2211"]
[PlyCount "97"]
[EventDate "2011.??.??"]

1. e4 e5 2. Nf3 Nc6 3. d4 exd4 4. Bc4 Nf6 5. e5 Ne4 6. Bd5 Nc5 7. O-O Ne6 8.
Nbd2 d6 9. Re1 dxe5 10. Bxc6+ bxc6 11. Nxe5 Qd5 12. Qh5 g6 13. Qh4 Be7 14. Qh6
Bg5 15. Ne4 Bxh6 16. Nf6+ Ke7 17. Nxd5+ cxd5 18. Bxh6 f6 19. Nd3 Kd6 20. b4 Rg8
21. Bd2 Ba6 22. Rxe6+ Kxe6 23. Nc5+ Kd6 24. Nxa6 g5 25. Re1 Rge8 26. Rxe8 Rxe8
27. Kf1 h6 28. Nc5 a5 29. Nb7+ Kc6 30. Nxa5+ Kb5 31. Nb3 Ra8 32. Ke2 Rxa2 33.
Kd3 Kb6 34. g3 c6 35. h4 gxh4 36. gxh4 h5 37. Nxd4 c5 38. bxc5+ Kxc5 39. Bf4
Ra6 40. Nf5 Ra4 41. Be3+ Kc6 42. Bd4 Ra8 43. Ng3 Rf8 44. Nxh5 Rh8 45. Nxf6 Rxh4
46. c3 Kd6 47. Ke3 Ke6 48. Kf3 Kf5 49. Nxd5 1-0

[Event "29th Münsterland Open"]
[Site "Senden"]
[Date "2011.10.24"]
[Round "5.9"]
[White "Lehmann, Holger"]
[Black "Gottkehaskamp, Philipp"]
[Result "1-0"]
[WhiteElo "2187"]
[BlackElo "2058"]
[PlyCount "81"]
[EventDate "2011.??.??"]

1. c4 e5 2. g3 Nc6 3. Bg2 g6 4. Nc3 Bg7 5. e4 d6 6. Nge2 h5 7. h3 Be6 8. d3 Qd7
9. Be3 Nd4 10. Nd5 Nxe2 11. Qxe2 c6 12. Nc3 Ne7 13. O-O-O b5 14. cxb5 cxb5 15.
Nd5 Qc6+ 16. Qc2 Qxc2+ 17. Kxc2 Bxd5 18. exd5 Kd7 19. Kd2 Bh6 20. h4 Bxe3+ 21.
fxe3 Rhc8 22. Rc1 Rxc1 23. Rxc1 Kd8 24. e4 Rc8 25. Rf1 Ke8 26. Bh3 Rb8 27. d4
exd4 28. Kd3 Rb7 29. Kxd4 Ng8 30. Rc1 Ke7 31. e5 dxe5+ 32. Kxe5 f6+ 33. Kd4 Nh6
34. Bc8 Nf5+ 35. Bxf5 gxf5 36. Rc8 Kd7 37. Rc6 Rb6 38. Kc5 b4 39. Rxb6 axb6+
40. Kxb6 Kd6 41. a4 1-0

[Event "29th Münsterland Open"]
[Site "Senden"]
[Date "2011.10.25"]
[Round "6.1"]
[White "Schulze, Ulrich"]
[Black "Landa, Konstantin"]
[Result "1/2-1/2"]
[WhiteElo "2323"]
[BlackElo "2613"]
[PlyCount "42"]
[EventDate "2011.??.??"]

1. d4 Nf6 2. Nf3 e6 3. c4 c5 4. d5 b5 5. dxe6 fxe6 6. cxb5 d5 7. e3 Bd6 8. Be2
O-O 9. O-O Bb7 10. Nbd2 a6 11. b3 Qe7 12. bxa6 Nxa6 13. Bb2 e5 14. e4 Nxe4 15.
Nxe4 dxe4 16. Nd2 Kh8 17. Bc4 Nb4 18. Qe2 Rf4 19. a4 Nc2 20. Rac1 Nd4 21. Qd1
Qg5 1/2-1/2

[Event "29th Münsterland Open"]
[Site "Senden"]
[Date "2011.10.25"]
[Round "6.2"]
[White "Danin, Alexandre"]
[Black "Karpatchev, Aleksandr"]
[Result "1/2-1/2"]
[WhiteElo "2534"]
[BlackElo "2481"]
[PlyCount "33"]
[EventDate "2011.??.??"]

1. c4 e5 2. Nc3 Bb4 3. Nd5 Be7 4. d4 exd4 5. Qxd4 Nf6 6. Nxe7 Qxe7 7. Qe3 Qxe3
8. Bxe3 Nc6 9. Bd2 Ne4 10. e3 d6 11. Ne2 Nxd2 12. Kxd2 Ne5 13. Nd4 Bd7 14. Be2
O-O-O 15. Kc3 c5 16. Nf3 Bc6 17. Nxe5 1/2-1/2

[Event "29th Münsterland Open"]
[Site "Senden"]
[Date "2011.10.25"]
[Round "6.3"]
[White "Torres-Kuckel, Rafael"]
[Black "van der Weide, Karel"]
[Result "1-0"]
[WhiteElo "2243"]
[BlackElo "2449"]
[PlyCount "81"]
[EventDate "2011.??.??"]

1. e4 c5 2. c3 b6 3. d4 Bb7 4. Bd3 Nf6 5. Qe2 cxd4 6. cxd4 Nc6 7. Nf3 Nb4 8.
Nc3 Nxd3+ 9. Qxd3 e6 10. Bg5 Be7 11. O-O O-O 12. Rfe1 d6 13. a4 a6 14. h3 Rc8
15. Rac1 Re8 16. Red1 h6 17. Bh4 Qc7 18. Qe3 Qb8 19. Bg3 Qa8 20. Nd2 Nh5 21.
Bh2 Bg5 22. f4 Be7 23. Qd3 Nf6 24. Re1 Bf8 25. Bg3 Nh5 26. Bh2 g6 27. g4 Nf6
28. Bg3 Nd7 29. Kh2 Qb8 30. f5 exf5 31. gxf5 gxf5 32. exf5 Kh8 33. Rg1 Qc7 34.
Bf4 Nf6 35. d5 Qd7 36. Rcf1 Rxc3 37. bxc3 Bxd5 38. Be3 Kh7 39. Bd4 Be4 40. Nxe4
Rxe4 41. Qg3 1-0

[Event "29th Münsterland Open"]
[Site "Senden"]
[Date "2011.10.25"]
[Round "6.4"]
[White "Kammers, Heribert"]
[Black "Sazanov, Nikolay"]
[Result "1-0"]
[WhiteElo "2129"]
[BlackElo "2218"]
[PlyCount "35"]
[EventDate "2011.??.??"]

1. d4 d5 2. c4 e6 3. Nf3 f5 4. g3 Nf6 5. Bg2 c6 6. O-O Bd6 7. b3 Nbd7 8. Ba3
Bc7 9. Nc3 Ne4 10. Rc1 Qf6 11. cxd5 Nxc3 12. Rxc3 exd5 13. Re3+ Kf7 14. Re7+
Kg6 15. Nh4+ Kh6 16. Bh3 g6 17. Bc1+ f4 18. Re6 1-0

[Event "29th Münsterland Open"]
[Site "Senden"]
[Date "2011.10.25"]
[Round "6.5"]
[White "Seegers, Hendrik"]
[Black "Steinle, Carsten"]
[Result "1-0"]
[WhiteElo "2213"]
[BlackElo "2115"]
[PlyCount "101"]
[EventDate "2011.??.??"]

1. d4 Nf6 2. Nf3 b6 3. Bf4 Bb7 4. e3 Nh5 5. Bg5 h6 6. Bh4 g5 7. Ne5 Nf6 8. Bg3
d6 9. Nf3 Bg7 10. Nbd2 c5 11. Bc4 Nc6 12. d5 Na5 13. Bb5+ Nd7 14. c4 Bxb2 15.
Rb1 Bg7 16. h4 g4 17. Nh2 h5 18. f3 Qc7 19. fxg4 O-O-O 20. g5 Ne5 21. O-O Rdf8
22. Bxe5 Bxe5 23. Nhf3 Bg7 24. Nb3 Nxb3 25. Rxb3 e6 26. e4 Kb8 27. Rd3 Qe7 28.
Re1 Rd8 29. Qa4 f6 30. Kh1 fxg5 31. hxg5 h4 32. Bc6 h3 33. g3 Rhf8 34. Bxb7
Kxb7 35. Kh2 Kb8 36. Qd1 Rf7 37. a4 Rdf8 38. a5 exd5 39. exd5 Be5 40. axb6 axb6
41. Rde3 Rf5 42. Kh1 Qg7 43. Qb3 Qa7 44. Kh2 Kc8 45. g6 Kd8 46. Kxh3 Bf6 47.
Qb5 Be5 48. Nxe5 dxe5 49. Rxe5 Rxe5 50. Rxe5 Qc7 51. Re6 1-0

[Event "29th Münsterland Open"]
[Site "Senden"]
[Date "2011.10.25"]
[Round "6.6"]
[White "Müller, Achim (Rheine)"]
[Black "Lehmann, Holger"]
[Result "1-0"]
[WhiteElo "2102"]
[BlackElo "2187"]
[PlyCount "113"]
[EventDate "2011.??.??"]

1. c4 e5 2. Nc3 Nc6 3. Nf3 Nf6 4. g3 d5 5. cxd5 Nxd5 6. Bg2 Nb6 7. O-O Be7 8.
a3 O-O 9. d3 Be6 10. b4 a5 11. b5 Nd4 12. Rb1 f6 13. Nd2 a4 14. Bxb7 Ra5 15.
Bg2 f5 16. e3 Nb3 17. Nxb3 axb3 18. Rxb3 e4 19. d4 Bxb3 20. Qxb3+ Kh8 21. f3
exf3 22. Bxf3 Bd6 23. e4 fxe4 24. Nxe4 Qe8 25. Nxd6 cxd6 26. Bc6 Rxf1+ 27. Kxf1
Qf8+ 28. Kg2 Ra4 29. Qf3 Qxf3+ 30. Kxf3 d5 31. Ke3 Kg8 32. Kd3 Kf7 33. Kc3 Rc4+
34. Kb2 Ke6 35. Bf4 Rxd4 36. Bc7 Na4+ 37. Kb3 Rc4 38. h4 Nc5+ 39. Kb2 Na4+ 40.
Kb3 Nc5+ 41. Ka2 Na4 42. Ba5 Ke5 43. Be8 Rc8 44. Bc6 d4 45. Kb3 Nc5+ 46. Kc4
Ne4 47. Be1 Nd6+ 48. Kd3 h5 49. a4 g6 50. a5 Rf8 51. Bb4 Rf1 52. Bc5 Rd1+ 53.
Kc2 Ra1 54. a6 Nc4 55. a7 Ra5 56. a8=Q Rxa8 57. Bxa8 1-0

[Event "29th Münsterland Open"]
[Site "Senden"]
[Date "2011.10.25"]
[Round "6.8"]
[White "Stöckmann, Helmut"]
[Black "Peterwitz, Klaus"]
[Result "0-1"]
[WhiteElo "2149"]
[BlackElo "2100"]
[Annotator "Niermann,Rainer"]
[PlyCount "128"]
[EventDate "2011.??.??"]

1. c4 e6 2. Nc3 d5 3. d4 Nf6 4. Nf3 Be7 5. Bg5 Nbd7 6. e3 h6 7. Bh4 O-O 8. Bd3
dxc4 9. Bxc4 c5 10. O-O cxd4 11. Nxd4 Nb6 12. Bb3 Nbd5 13. Nxd5 Nxd5 14. Bg3
Nf6 15. Qf3 Qb6 16. Rac1 a6 17. Bc7 Qa7 18. Ba5 Bd8 19. Bxd8 Rxd8 20. Rc7 Qb6
21. Rfc1 Rb8 22. Qf4 Bd7 23. h3 Rbc8 24. Rxc8 Bxc8 25. Nf3 Bd7 26. Qc7 Qxc7 27.
Rxc7 Rb8 28. Ne5 Be8 29. f3 Kf8 30. g4 Ng8 31. h4 Ne7 32. g5 hxg5 33. hxg5 Nc6
34. Nxc6 Bxc6 35. g6 Be8 36. f4 f6 37. Bxe6 Bxg6 38. f5 Be8 39. Kf2 a5 40. e4
b6 41. Ke3 Rd8 42. Rb7 Rd6 43. a3 b5 44. Ra7 a4 45. Bd5 b4 46. axb4 Rb6 47. Rb7
Rxb7 48. Bxb7 Ke7 49. Kd4 Kd6 50. Bd5 Bb5 51. Bc4 Bc6 52. Bd3 Be8 53. Kc4 Kc6
54. b5+ Kb6 55. Kb4 g5 56. fxg6 Bxg6 57. Kxa4 Bf7 58. Kb4 Be8 59. Kc3 Kc5 60.
b4+ Kb6 61. Kd4 Bf7 62. Ke3 Bg8 63. Kf4 Bh7 64. Bc4 Bg6 {ZÜ} 0-1

[Event "29th Münsterland Open"]
[Site "Senden"]
[Date "2011.10.25"]
[Round "6.9"]
[White "Virnyi, Julius"]
[Black "Chilla, Jan Eric"]
[Result "0-1"]
[WhiteElo "2087"]
[BlackElo "2134"]
[PlyCount "78"]
[EventDate "2011.??.??"]

1. d4 Nf6 2. Nf3 e6 3. g3 d5 4. Bg2 Be7 5. O-O O-O 6. c4 dxc4 7. Qc2 b5 8. a4
b4 9. Qxc4 Ba6 10. Qc2 Nbd7 11. Ne5 Nxe5 12. Bxa8 Qxd4 13. Bg2 c5 14. Re1 Rd8
15. h3 Nc4 16. Ra2 Na5 17. Ra1 Nc4 18. Ra2 Na5 19. Ra1 c4 20. Be3 Qd7 21. Nd2
Nd5 22. Nf1 Nb3 23. Rad1 Qxa4 24. Bxa7 Bb5 25. e4 Qxa7 26. exd5 Nd4 27. Qe4 Bc5
28. dxe6 fxe6 29. Rxd4 Bxd4 30. Qxe6+ Qf7 31. Qxf7+ Kxf7 32. Ne3 Bxe3 33. Rxe3
Rd1+ 34. Kh2 Kf6 35. g4 Rd2 36. g5+ Kf5 37. Kg3 Rxb2 38. f4 Rxg2+ 39. Kxg2 Kxf4
0-1

[Event "29th Münsterland Open"]
[Site "Senden"]
[Date "2011.10.25"]
[Round "6.10"]
[White "Böhm, Jürgen"]
[Black "Müller, Martin"]
[Result "1-0"]
[WhiteElo "2218"]
[BlackElo "2078"]
[PlyCount "43"]
[EventDate "2011.??.??"]

1. d4 Nf6 2. Bg5 c5 3. Nc3 cxd4 4. Qxd4 Nc6 5. Qh4 Qa5 6. e4 d6 7. Bd3 Be6 8.
Nge2 O-O-O 9. Bd2 Nb4 10. O-O Nxd3 11. cxd3 Kb8 12. Rfd1 Qh5 13. Qg3 Bd7 14. f3
Rg8 15. Be3 g5 16. Qf2 g4 17. Bxa7+ Ka8 18. Ng3 Qh4 19. f4 Bh6 20. Qb6 Bxf4 21.
Qa5 d5 22. Be3+ 1-0

[Event "29th Münsterland Open"]
[Site "Senden"]
[Date "2011.10.26"]
[Round "7.1"]
[White "Landa, Konstantin"]
[Black "Torres-Kuckel, Rafael"]
[Result "1/2-1/2"]
[WhiteElo "2613"]
[BlackElo "2243"]
[PlyCount "97"]
[EventDate "2011.??.??"]

1. d4 Nf6 2. c4 e6 3. Nc3 d5 4. cxd5 exd5 5. Bg5 Be7 6. Qc2 c6 7. e3 Nbd7 8.
Bd3 h6 9. Bh4 O-O 10. Nge2 Re8 11. Bg3 Nf8 12. h3 a6 13. O-O Be6 14. Na4 N6d7
15. b4 b5 16. Nc5 Nxc5 17. dxc5 Bf6 18. Nd4 Bd7 19. Rad1 Rc8 20. Nb3 Be5 21. f4
Bc7 22. e4 dxe4 23. Bxe4 Qf6 24. Qd3 Red8 25. Qf3 Be8 26. f5 Bxg3 27. Qxg3 Nh7
28. Rd6 Qg5 29. Kh2 Qxg3+ 30. Kxg3 Ng5 31. Bf3 f6 32. Na5 Nxf3 33. Rxf3 Rxd6
34. cxd6 c5 35. Re3 cxb4 36. Re7 Kf8 37. Ra7 Rc3+ 38. Kf4 Rd3 39. Rxa6 Ra3 40.
Ra8 Kf7 41. Ra7+ Kf8 42. Ke4 Rxa2 43. Kd3 b3 44. Kc3 b2 45. Kc2 b4 46. Kb1 b3
47. Ra8 Kf7 48. Ra7+ Kf8 49. Ra8 1/2-1/2

[Event "29th Münsterland Open"]
[Site "Senden"]
[Date "2011.10.26"]
[Round "7.2"]
[White "Karpatchev, Aleksandr"]
[Black "Kammers, Heribert"]
[Result "1/2-1/2"]
[WhiteElo "2481"]
[BlackElo "2129"]
[PlyCount "104"]
[EventDate "2011.??.??"]

1. e4 e6 2. d4 d5 3. e5 c5 4. c3 Nc6 5. Nf3 Bd7 6. Be2 Nge7 7. Na3 cxd4 8. cxd4
Nf5 9. Nc2 Be7 10. O-O O-O 11. Bd3 f6 12. Bxf5 exf5 13. Re1 fxe5 14. dxe5 Be6
15. Nfd4 Qd7 16. Bf4 a6 17. Qd3 Bc5 18. Nb3 Ba7 19. Rad1 Rfd8 20. Bg5 Rf8 21.
Be3 Bxe3 22. Nxe3 Nxe5 23. Qc3 Nc6 24. Nc5 Qf7 25. Nxe6 Qxe6 26. Nxd5 Qf7 27.
Nf4 Rae8 28. h4 Rxe1+ 29. Rxe1 Re8 30. Rxe8+ Qxe8 31. Qb3+ Qf7 32. Ne6 Ne5 33.
Qd5 Nd7 34. Qb3 Nf8 35. Nc5 Qxb3 36. axb3 Kf7 37. Nxb7 Nd7 38. Kf1 Ke6 39. Ke2
Kd5 40. Kd2 Ne5 41. Na5 Kd4 42. g3 f4 43. Nb7 fxg3 44. fxg3 Nf7 45. Ke2 h5 46.
Kf3 g5 47. hxg5 Nxg5+ 48. Kf4 Ne4 49. Nd8 Nxg3 50. Kxg3 Kd3 51. b4 Kc4 52. Nc6
Kb5 1/2-1/2

[Event "29th Münsterland Open"]
[Site "Senden"]
[Date "2011.10.26"]
[Round "7.3"]
[White "Chilla, Jan Eric"]
[Black "Danin, Alexandre"]
[Result "1/2-1/2"]
[WhiteElo "2134"]
[BlackElo "2534"]
[PlyCount "74"]
[EventDate "2011.??.??"]

1. d4 Nf6 2. c4 g6 3. g3 c6 4. Nf3 Bg7 5. Bg2 d5 6. b3 dxc4 7. bxc4 c5 8. Bb2
Qb6 9. Qb3 Nfd7 10. O-O Nc6 11. e3 O-O 12. Rd1 cxd4 13. exd4 Nc5 14. Qxb6 axb6
15. Nc3 Na4 16. Nxa4 Rxa4 17. Ne5 Na5 18. Rdc1 Rd8 19. c5 Bxe5 20. dxe5 Nc4 21.
Rd1 Rxd1+ 22. Rxd1 Nxb2 23. Rd8+ Kg7 24. Rxc8 bxc5 25. Rxc5 Rxa2 26. Bxb7 Nd3
27. Rc7 e6 28. f4 Ra7 29. Kf1 h6 30. h4 h5 31. Ke2 Nb4 32. Rd7 Kf8 33. Rd8+ Ke7
34. Rb8 Ra2+ 35. Kf3 Nc2 36. Be4 Nd4+ 37. Ke3 Nf5+ 1/2-1/2

[Event "29th Münsterland Open"]
[Site "Senden"]
[Date "2011.10.26"]
[Round "7.4"]
[White "Müller, Achim (Rheine)"]
[Black "Schulze, Ulrich"]
[Result "1/2-1/2"]
[WhiteElo "2102"]
[BlackElo "2323"]
[PlyCount "83"]
[EventDate "2011.??.??"]

1. d4 Nf6 2. c4 c5 3. d5 e5 4. g3 d6 5. Bg2 Be7 6. Nc3 O-O 7. e4 Ne8 8. Nge2
Bg5 9. f4 exf4 10. Nxf4 Nd7 11. Nd3 Bxc1 12. Qxc1 Qf6 13. Qd2 a6 14. O-O-O Ne5
15. Nxe5 Qxe5 16. Qf4 f6 17. Na4 b5 18. Nb6 Rb8 19. Nxc8 Rxc8 20. Bh3 Rb8 21.
Be6+ Kh8 22. cxb5 axb5 23. Rhf1 Nc7 24. Qxe5 fxe5 25. a3 g6 26. Bd7 Kg7 27. Kc2
Rf6 28. Rxf6 Kxf6 29. Rf1+ Ke7 30. Bc6 Rb6 31. a4 bxa4 32. Ra1 Ne6 33. Rxa4
Nd4+ 34. Kc1 Nxc6 35. dxc6 Rxc6 36. Ra7+ Kf6 37. Rxh7 Rb6 38. Rd7 Ke6 39. Rg7
Kf6 40. Rd7 Kg5 41. h3 Kf6 42. Kc2 1/2-1/2

[Event "29th Münsterland Open"]
[Site "Senden"]
[Date "2011.10.26"]
[Round "7.10"]
[White "Sazanov, Nikolay"]
[Black "Hofene, Dieter"]
[Result "1-0"]
[WhiteElo "2218"]
[BlackElo "2080"]
[PlyCount "81"]
[EventDate "2011.??.??"]

1. d4 g6 2. e3 Bg7 3. f4 d5 4. Nf3 Nh6 5. Bd3 O-O 6. Nbd2 c6 7. h4 Bf5 8. Nf1
Bxd3 9. Qxd3 Qa5+ 10. Bd2 Qa6 11. h5 Qxd3 12. cxd3 Nd7 13. Rc1 Nf6 14. hxg6
hxg6 15. Ke2 Nhg4 16. Rh4 e6 17. Ng3 c5 18. dxc5 Nh6 19. Bc3 Nf5 20. Nxf5 exf5
21. Rch1 Nh5 22. Kd2 Rfe8 23. Ne5 Rad8 24. Bd4 Bf6 25. R4h3 Kg7 26. b4 a6 27.
a4 Rc8 28. Ra1 Ra8 29. Rhh1 Re6 30. b5 Rc8 31. Rac1 Ng3 32. Rh3 Nh5 33. c6 bxc6
34. b6 a5 35. Rb1 Re7 36. Rhh1 Rb7 37. Rhc1 c5 38. Rb5 cxd4 39. Rxc8 dxe3+ 40.
Kxe3 Nxf4 41. Kxf4 1-0

[Event "29th Münsterland Open"]
[Site "Senden"]
[Date "2011.10.27"]
[Round "8.3"]
[White "Danin, Alexandre"]
[Black "Müller, Achim (Rheine)"]
[Result "1-0"]
[WhiteElo "2534"]
[BlackElo "2102"]
[PlyCount "55"]
[EventDate "2011.??.??"]

1. e4 c5 2. Nf3 d6 3. d4 cxd4 4. Nxd4 Nf6 5. Nc3 a6 6. Bc4 e6 7. Bb3 b5 8. O-O
Be7 9. Qf3 Qb6 10. Be3 Qb7 11. Qg3 b4 12. Na4 Nbd7 13. f3 O-O 14. Rac1 Nc5 15.
Nxc5 dxc5 16. Ne2 g6 17. c3 Bd7 18. cxb4 Nh5 19. Qe5 Bf6 20. Qxc5 Rac8 21. Qb6
Qxb6 22. Bxb6 Bxb2 23. Rxc8 Rxc8 24. Rd1 Bb5 25. Kf2 Ba3 26. Ba5 Rb8 27. Nd4
Nf4 28. Bc7 1-0

[Event "29th Münsterland Open"]
[Site "Senden"]
[Date "2011.10.27"]
[Round "8.4"]
[White "Kammers, Heribert"]
[Black "van der Weide, Karel"]
[Result "0-1"]
[WhiteElo "2129"]
[BlackElo "2449"]
[PlyCount "118"]
[EventDate "2011.??.??"]

1. d4 Nf6 2. c4 g6 3. Nc3 d5 4. Nf3 Bg7 5. e3 O-O 6. cxd5 Nxd5 7. Bc4 Nb6 8.
Bb3 Nc6 9. O-O e5 10. d5 Na5 11. Bc2 c6 12. e4 cxd5 13. exd5 Nac4 14. b3 e4 15.
Nxe4 Bxa1 16. Bg5 f6 17. Qxa1 fxg5 18. bxc4 Nxc4 19. Nfxg5 Bf5 20. d6 h6 21.
Qd4 hxg5 22. Qxc4+ Kh7 23. Qd5 Rc8 24. Qxb7+ Kh6 25. Bb3 Bxe4 26. Qxe4 Qxd6 27.
h4 Qf4 28. hxg5+ Qxg5 29. Qe6 Rc7 30. Qh3+ Kg7 31. Rd1 Re7 32. Rd7 Qc1+ 33. Kh2
Qf4+ 34. Kh1 Rfe8 35. Qc3+ Qf6 36. Rxe7+ Rxe7 37. Qxf6+ Kxf6 38. Kh2 Re4 39.
Kg3 a5 40. Kf3 Rb4 41. Ke3 a4 42. Bd5 Ke5 43. Bf7 g5 44. g3 a3 45. f3 Rb1 46.
Bg8 Re1+ 47. Kd3 Rg1 48. f4+ gxf4 49. gxf4+ Kxf4 50. Bb3 Rg6 51. Kc3 Rb6 52.
Bg8 Ke5 53. Bf7 Kd6 54. Bb3 Kc5 55. Bf7 Rb7 56. Bg8 Rg7 57. Be6 Rg3+ 58. Kc2
Kd4 59. Bf7 Rc3+ 0-1

[Event "29th Münsterland Open"]
[Site "Senden"]
[Date "2011.10.27"]
[Round "8.5"]
[White "Schulze, Ulrich"]
[Black "Peterwitz, Klaus"]
[Result "1/2-1/2"]
[WhiteElo "2323"]
[BlackElo "2100"]
[PlyCount "72"]
[EventDate "2011.??.??"]

1. Nf3 Nf6 2. c4 e6 3. g3 d5 4. d4 c6 5. Bg2 Nbd7 6. Qc2 Bd6 7. O-O O-O 8. Nc3
dxc4 9. Nd2 Nb6 10. Nce4 Be7 11. e3 Bd7 12. Nc5 Bc8 13. Nxc4 Nxc4 14. Qxc4 Qb6
15. Nd3 Rd8 16. Bd2 a5 17. Rfd1 Qa6 18. b3 Bd7 19. Rac1 Ba3 20. Rb1 Nd5 21. e4
b5 22. Qc2 Nb4 23. Nxb4 Bxb4 24. Bxb4 axb4 25. Rb2 Rac8 26. Qc5 Be8 27. Rdd2
Qa5 28. Rbc2 Bd7 29. h4 h6 30. Kh2 Rb8 31. Qe7 Be8 32. Bh3 Rd7 33. Qc5 Rbd8 34.
e5 Rd5 35. Qe7 R5d7 36. Qc5 Rd5 1/2-1/2

[Event "29th Münsterland Open"]
[Site "Senden"]
[Date "2011.10.27"]
[Round "8.6"]
[White "Seegers, Hendrik"]
[Black "Chilla, Jan Eric"]
[Result "1/2-1/2"]
[WhiteElo "2213"]
[BlackElo "2134"]
[PlyCount "101"]
[EventDate "2011.??.??"]

1. d4 Nf6 2. Nf3 e6 3. Bf4 b6 4. e3 c5 5. Nbd2 Be7 6. h3 cxd4 7. exd4 O-O 8.
Bd3 Ba6 9. Qe2 Bxd3 10. Qxd3 Qc8 11. O-O Qa6 12. Ne5 Qxd3 13. Nxd3 Nc6 14. c3
b5 15. Bg5 b4 16. Bxf6 Bxf6 17. Ne4 Be7 18. d5 exd5 19. Nec5 bxc3 20. bxc3 d6
21. Na6 Rfc8 22. Nab4 d4 23. Nxc6 Rxc6 24. cxd4 Rc4 25. d5 Rd4 26. Rad1 Rxd5
27. Nb4 Rxd1 28. Rxd1 Kf8 29. Rd5 a5 30. Nc6 a4 31. Nd4 g6 32. g4 Ra6 33. Nb5
Ra5 34. Kg2 Ra6 35. Kf3 Rc6 36. Ke3 Ke8 37. Kd3 Kd7 38. Nc3 Ra6 39. Kc4 Kc6 40.
a3 Bf6 41. Na2 Ra8 42. Nb4+ Kd7 43. Rd3 Rb8 44. f4 Bb2 45. Na6 Re8 46. Kb5 Bc1
47. Nc5+ Kc7 48. Na6+ Kd7 49. Nc5+ Kc7 50. Na6+ Kd7 51. Nc5+ 1/2-1/2

[Event "29th Münsterland Open"]
[Site "Senden"]
[Date "2011.10.27"]
[Round "8.8"]
[White "Koke, Christoph"]
[Black "Sazanov, Nikolay"]
[Result "0-1"]
[WhiteElo "2121"]
[BlackElo "2218"]
[PlyCount "116"]
[EventDate "2011.??.??"]

1. d4 d5 2. c4 e6 3. Nf3 f5 4. g3 Nf6 5. Bg2 c6 6. O-O Nbd7 7. Qc2 Ne4 8. Nc3
Bd6 9. Rb1 a5 10. a3 Qe7 11. Bf4 Bxf4 12. gxf4 g5 13. Nxg5 Nxg5 14. fxg5 Qxg5
15. f4 Qg7 16. cxd5 exd5 17. Qxf5 Qxd4+ 18. e3 Qf6 19. Qc2 O-O 20. e4 Nc5 21.
Kh1 dxe4 22. Nxe4 Nxe4 23. Bxe4 Bf5 24. Rg1+ Kh8 25. Rbd1 Bxe4+ 26. Qxe4 Rae8
27. Qd4 Qxd4 28. Rxd4 Re7 29. b4 axb4 30. Rxb4 Rff7 31. Rg3 c5 32. Rc4 Rf5 33.
a4 Rd5 34. Rgc3 Rc7 35. Kg2 Kg7 36. Kf3 Kf6 37. Re4 Rh5 38. Rc2 Rh3+ 39. Kg4
Rd3 40. Rec4 Rg7+ 41. Kh4 b6 42. a5 Kf5 43. R4c3 Rd6 44. Kh5 Rgg6 45. Kh4 Kxf4
46. Rc4+ Rd4 47. Kh5 Rxc4 48. Rxc4+ Ke5 49. axb6 Kd5 50. Ra4 Rxb6 51. Ra7 h6
52. Rc7 c4 53. h4 Rc6 54. Rxc6 Kxc6 55. Kxh6 c3 56. h5 c2 57. Kg7 c1=Q 58. h6
Qg5+ 0-1